Cutting edge; intermediate teacher's resource book /

Guardado en:
Autor Principal: Cunningham Sarah
Otros Autores: Moor Peter
Formato: Libro
Publicado: Madrid : Longman, 1999
Materias:
Etiquetas: Agregar Etiqueta
Sin Etiquetas, Sea el primero en etiquetar este registro!
LEADER 00499nam a22001815a 4500
001 CEM.cems011907
005 20060214000000.0
008 130507s1999##################000#0#####d
003 CEMS
082 0 4 |a 428.64 
100 1 |a Cunningham Sarah 
245 1 0 |a Cutting edge; intermediate teacher's resource book / 
260 |a Madrid :  |b Longman,  |c 1999 
300 |a 175 p. 
653 |a Ingles 
653 |a Ingles-textos 
700 1 |a Moor Peter 
859 |a CEMS  |b BIB. CEMS - 11 de abril  |h 428.64  |i C767-1  |p 22987.05  |t Ej.1